Obchodná prevádzka maloobchodnej jednotky

Guardado en:
Detalles Bibliográficos
Autor principal: Lieskovská, Vanda, 1961-
Autor Corporativo: Ekonomická univerzita v Bratislave. Podnikovohospodárska fakulta so sídlom v Košiciach
Otros Autores: Petrovčiková, Katarína, 1977-, Hesková, Marie, Dzurová, Mária, Gajdoš, Jozef, 1962-2025
Formato: Libro
Lenguaje:eslovaco
Publicado: Bratislava Vydavateľstvo EKONÓM 2017
Edición:1. vyd.
Materias:
Etiquetas: Agregar Etiqueta
Sin Etiquetas, Sea el primero en etiquetar este registro!

MARC

LEADER 00000nlm a2200000 4500
001 0239738
005 20240617191148.7
020 |a 978-80-225-4452-8 
041 0 |a slo 
044 |a SK 
245 1 0 |a Obchodná prevádzka maloobchodnej jednotky  |c Vanda Lieskovská, Katarína Petrovčíková, Marie Hesková ; recenzovali: Mária Dzurová, Jozef Gajdoš 
250 |a 1. vyd. 
264 1 |a Bratislava  |b Vydavateľstvo EKONÓM  |c 2017 
300 |a e-kniha [204 s., 13,18 AH] 
610 2 0 |a obchod 
610 2 0 |a prevádzky 
610 2 0 |a maloobchod 
610 2 0 |a centrá nákupné 
610 2 0 |a centrá obchodné 
610 2 0 |a predajne 
610 2 0 |a marketing 
610 2 0 |a marketing mix 
610 2 0 |a správanie spotrebiteľa 
610 2 0 |a výskum 
610 2 0 |a merchandising 
100 1 |a Lieskovská, Vanda, 1961- 
700 1 |a Petrovčiková, Katarína, 1977- 
700 1 |a Hesková, Marie 
700 1 |a Dzurová, Mária 
700 1 |a Gajdoš, Jozef, 1962-2025 
710 2 |a Ekonomická univerzita v Bratislave. Podnikovohospodárska fakulta so sídlom v Košiciach